| 000 | 00378nam a2200157Ia 4500 | ||
|---|---|---|---|
| 008 | 230524s9999 xx 000 0 und d | ||
| 082 |
_a658.54 _bMEY |
||
| 100 | _aMike Meyers | ||
| 245 | 0 | _aManaging and Troubleshooting Networks | |
| 250 | _a4TH | ||
| 260 |
_aNEW DELHI _bTMH _c2004 |
||
| 300 | _aVII;599 | ||
| 500 | _aQuantity Number: 2 | ||
| 650 | _aComp-Sc | ||
| 942 | _cBK | ||
| 999 |
_c37315 _d37315 |
||